| 000 | 00338nam a22001457a 4500 | ||
|---|---|---|---|
| 999 |
_c15498 _d15498 |
||
| 020 | _a9788123918297 | ||
| 082 |
_a660.634 _bGRA/EN |
||
| 100 |
_aGray, N _93251 |
||
| 245 | _aEnzymes biotechnology | ||
| 260 |
_aNew Delhi _bCBS Publishers _c2010 |
||
| 300 | _a586 | ||
| 700 |
_aCalvin, M _93252 |
||
| 700 |
_aBhatia, S.C _93253 |
||
| 942 | _cBK | ||